[Event "ISR-ch Open 2018"]
[Site "Ma'alot-Tarshih"]
[Date "2018.12.12"]
[Round "1"]
[White "Zhizmer, Yuri"]
[Black "Steinberg, Nitzan"]
[Result "1/2-1/2"]
[WhiteElo "2326"]
[BlackElo "2532"]
[Annotator "TA"]
[PlyCount "55"]
[EventDate "2018.12.12"]
[EventType "swiss"]
[EventCountry "ISR"]
[SourceTitle "playchess.com"]
[Source "ChessBase"]
[SourceQuality "1"]

{[%evp 13,55,-8,-8,-10,-6,0,0,0,-6,-13,-14,-16,-7,-21,-6,-15,0,-15,0,-7,0,-7,-11,-15,-10,-22,-3,-7,-6,0,0,0,0,0,0,0,0,0,0,0,0,0,0,0]} 1. d4 Nf6 2. Nf3 d5 3. Bf4 e6 4. e3 Bd6 5. Bxd6 Qxd6 6. Nbd2 Nbd7 {D02: 1 d4 d5 2 Nf3 sidelines, including 2...Nf6 3 g3 and 2...Nf6 3 Bf4} (6... O-O 7. Be2 c5 8. dxc5 Qxc5 9. O-O Nc6 10. c4 dxc4 11. Nxc4 Rd8 12. Qc1 Bd7 13. Nce5 Qxc1 14. Raxc1 Nxe5 15. Nxe5 {0-1 (52) Demidov,M (2523)-Fressinet,L (2662) Katowice 2017}) 7. c3 O-O {LiveBook: 5 Games. The position is equal.} 8. Be2 e5 9. dxe5 Nxe5 10. Nxe5 Qxe5 11. Nf3 Qe7 12. O-O c5 13. Qc2 g6 $146 ({Predecessor:} 13... b6 14. Rad1 Bb7 15. c4 Rad8 16. Rfe1 Rfe8 17. cxd5 Bxd5 18. h3 h6 19. a3 Qb7 {0-1 (65) Dgebuadze,M (1682)-Yurasova,D (1942) Mamaia 2017}) 14. Rfd1 Rd8 15. h3 Be6 16. Rac1 Rac8 17. b3 {[%cal Bb2b3,Bb3b4][%mdl 32]} b6 18. c4 Rd6 19. Qb2 Rcd8 20. Qe5 h6 21. a3 Kh7 22. b4 dxc4 23. Rxd6 Rxd6 24. Bxc4 ({Not} 24. Rxc4 $2 Nd7 $19) 24... Nd7 25. Qe4 Nf6 26. Qe5 Nd7 27. Qe4 Nf6 28. Qe5 {Accuracy: White = 60%, Black = 55%.} 1/2-1/2

[Event "ISR-ch Open 2018"]
[Site "Ma'alot-Tarshih"]
[Date "2018.12.12"]
[Round "1"]
[White "Mordechai, Hanan"]
[Black "Dvoirys, Semen I."]
[Result "*"]
[WhiteElo "2310"]
[BlackElo "2528"]
[Annotator "TA"]
[PlyCount "33"]
[EventDate "2018.12.12"]
[EventType "swiss"]
[EventCountry "ISR"]
[SourceTitle "playchess.com"]
[Source "ChessBase"]
[SourceQuality "1"]

{[%evp 26,33,61,46,50,51,59,16,22,34]} 1. d4 Nf6 2. c4 g6 3. f3 d5 4. cxd5 Nxd5 5. e4 Nb6 6. Nc3 Bg7 7. Be3 O-O 8. Qd2 e5 9. d5 c6 {D70: Grünfeld: Unusual White 3rd moves (met by ...d5)} 10. h4 $146 (10. Rd1 cxd5 11. exd5 N8d7 12. Nh3 e4 13. fxe4 Ne5 14. Nf2 f5 15. Bc5 Rf7 16. Be2 f4 17. Bf3 {½-½ (25) Aronian,L (2805)-Vachier Lagrave,M (2789) London 2017}) 10... cxd5 11. exd5 N8d7 12. h5 Nf6 13. hxg6 fxg6 14. O-O-O $1 {LiveBook: 42 Games} Bd7 15. Kb1 Rc8 16. d6 e4 17. Ka1 *

[Event "ISR-ch Open 2018"]
[Site "Ma'alot-Tarshih"]
[Date "2018.12.12"]
[Round "1"]
[White "Mordechai, Hanan"]
[Black "Dvoirys, Semen I."]
[Result "1/2-1/2"]
[WhiteElo "2310"]
[BlackElo "2528"]
[Annotator "TA"]
[PlyCount "90"]
[EventDate "2018.12.12"]
[EventType "swiss"]
[EventCountry "ISR"]
[SourceTitle "playchess.com"]
[Source "ChessBase"]
[SourceQuality "1"]

{[%evp 22,90,-33,-33,-19,-25,-7,-41,-33,-31,0,0,0,-18,-13,-16,0,0,0,0,0,0,0,0,0,-62,-58,-70,-70,-72,-14,-45,0,0,0,-68,-67,-64,-64,-74,-66,-73,-49,-43,-71,-504,-522,-474,-456,-920,-842,-810,-799,-791,0,0,0,0,0,0,0,0,0,0,0,0,0,0,0,0,0]} 1. Nf3 c5 2. c4 Nf6 3. Nc3 e6 4. g3 b6 5. Bg2 Bb7 6. O-O Be7 7. d4 cxd4 8. Qxd4 O-O 9. Bg5 d6 {A30: Symmetrical English: Double Fianchetto and Hedgehog} (9... Nc6 10. Qd2 Na5 11. b3 d5 12. cxd5 Nxd5 13. Nxd5 Bxd5 14. Bxe7 Qxe7 15. Rac1 Rac8 16. Ne5 Bxg2 17. Kxg2 {½-½ (24) Romanov,E (2614)-Gordievsky,D (2615) Sochi 2018}) 10. Bxf6 Bxf6 11. Qf4 Bxc3 12. bxc3 {LiveBook: 3 Games} Qe7 $146 ({Predecessor:} 12... Qc7 13. Rfd1 Rd8 14. Rd2 Nc6 15. Rad1 Na5 16. Rxd6 Rxd6 17. Qxd6 Qxd6 18. Rxd6 Nxc4 {1-0 (59) Salvador,R (2477)-Stella,A (2454) Novara 2012}) 13. Rfd1 Rd8 14. Rd2 Na6 15. Rad1 Nc5 (15... e5 {is more complex.} 16. Qg5 f6 17. Qg4 Bc8 18. Qe4 Be6) 16. Rxd6 Rxd6 17. Qxd6 Qxd6 18. Rxd6 Bxf3 19. Bxf3 $11 {[%mdl 4096] Endgame KRB-KRN} Rc8 20. Rc6 (20. Kf1 {seems wilder.} Kf8 21. Rc6 Rxc6 22. Bxc6 Ke7 23. f3) 20... Rxc6 21. Bxc6 {KB-KN} Kf8 22. Kg2 Ke7 23. Kf3 ({White should play} 23. f3 $1 $11) 23... Kd6 $15 24. Be4 Na4 $1 25. Bxh7 g6 (25... Nxc3 $17 26. a3 g6) 26. h4 $1 $11 Ke7 {aiming for ...Kf8.} (26... Ke5 $5 {[%cal Re5f6]}) 27. h5 $1 {[%cal Rh5g6]} gxh5 28. Bd3 (28. Bc2 $11 Nxc3 29. a3) 28... Nxc3 $15 29. a3 Kd6 30. Kf4 f6 31. e4 Kc5 32. e5 f5 33. Bxf5 $2 {[%mdl 8192]} (33. Bc2 $17) 33... exf5 $19 34. Kxf5 Kxc4 $17 {KN-KP} 35. e6 (35. Ke6 $142 b5 36. f4) 35... Nd5 $19 36. Ke5 b5 37. f4 a5 $2 (37... Kc5 $19 {White must now prevent ...a5.} 38. f5 Ne7) 38. f5 $1 $11 {[%cal Rf5f6] The position is equal.} b4 39. axb4 a4 {[#] Hoping for ...a3.} 40. f6 {Strongly threatening e7.} a3 {( -> ...a2)} 41. f7 a2 42. f8=Q {Qc5+ would kill now.} a1=Q+ 43. Kd6 Qa6+ 44. Ke5 {[#] Threatens to win with Qf1+.} Qa1+ 45. Kd6 Qa6+ {Accuracy: White = 59%, Black = 49%.} 1/2-1/2

[Event "ISR-ch Open 2018"]
[Site "Ma'alot-Tarshih"]
[Date "2018.12.12"]
[Round "1"]
[White "Libman, Guy"]
[Black "Rechlis, Gad"]
[Result "0-1"]
[WhiteElo "2299"]
[BlackElo "2521"]
[Annotator "TA"]
[PlyCount "112"]
[EventDate "2018.12.12"]
[EventType "swiss"]
[EventCountry "ISR"]
[SourceTitle "playchess.com"]
[Source "ChessBase"]
[SourceQuality "1"]

{[%evp 26,112,41,48,62,-10,12,0,12,-13,10,2,2,2,59,61,51,50,45,55,60,35,49,41,118,91,176,200,261,251,208,225,227,193,194,170,370,186,258,251,308,218,195,196,405,398,463,412,462,455,422,421,474,9,6,0,0,0,0,0,0,0,0,0,0,0,0,0,0,-155,-140,-190,-190,-169,-170,-181,-154,-236,-249,-580,-543,-29951,-5716,-29969,-29978,-29988,-29989,-29991,-29990]} 1. e4 c5 2. Nf3 e6 3. d4 cxd4 4. Nxd4 Nc6 5. Nc3 Qc7 6. g3 a6 7. Bg2 d6 8. O-O Bd7 9. a4 Nf6 10. Nb3 Be7 11. a5 {B47: Sicilian: Taimanov: 5 Nc3 Qc7 6 f4, 6 g3 and 6 Be2} (11. f4 Na5 12. e5 dxe5 13. fxe5 Nxb3 14. exf6 Bc5+ 15. Kh1 Nxc1 16. Ne4 g6 17. b4 Be3 18. Ra3 Bh6 {½-½ (82) Ganguly,S (2652)-Firouzja,A (2561) Hamedan 2018}) 11... O-O 12. f4 b6 13. axb6 Qxb6+ 14. Kh1 {LiveBook: 3 Games} Nb4 $146 ({Predecessor:} 14... Rab8 15. e5 dxe5 16. fxe5 Nxe5 17. Bf4 Bd6 18. Bxe5 Bxe5 19. Rxf6 Bxf6 20. Qxd7 {½-½ (47) Wantiez,F (2315)-Sylvan,J (2376) Novi Sad 2016}) 15. Qe2 (15. e5 $14 dxe5 16. fxe5) 15... Rfc8 16. Be3 Qc7 17. h3 e5 18. Qf2 Rab8 19. Na5 Nc6 (19... exf4 $11 20. gxf4 d5) 20. Nc4 $1 $14 Nb4 21. Nb6 Rf8 22. Nxd7 Nxd7 23. Ra4 {Strongly threatening Rxb4!} exf4 24. gxf4 Qd8 (24... a5 $14) 25. Rd1 $16 Re8 (25... a5 $16) 26. Ba7 $1 $18 Bh4 27. Qg1 Nxc2 28. Bxb8 ({Resist} 28. Rxd6 $6 Rxb2 29. e5 (29. Rdxa6 Ne1 $11) 29... Rb3 $16) 28... Qxb8 29. Nd5 {Threatens to win with Rc4.} Qb3 30. Rxa6 Nc5 $2 (30... Nb4 31. Nxb4 Qxb4 32. Raxd6 Nc5) 31. Rb6 (31. Rxd6 $142 Nxe4 32. Bxe4 Qxh3+ 33. Qh2 Qxh2+ 34. Kxh2 Rxe4 35. Rc6 Re2+ 36. Kh3) 31... Qc4 (31... Qg3 $142 32. Qh2 (32. Rxd6 Ne1 $16) 32... Qf2) 32. Qf1 ({Don't take} 32. Rxd6 $6 Nxe4 33. Bxe4 Qxe4+ 34. Qg2 g6 $16) 32... Qa4 33. Qb5 ({Less strong is} 33. Rxd6 Nxe4 34. Bxe4 Qxe4+ 35. Qg2 h5 $16) 33... Qxb5 34. Rxb5 h6 $2 {[#]} (34... Ne1 {was called for.} 35. Ra5 Ned3) 35. e5 $1 Ne1 (35... dxe5 36. Rxc5) 36. Nc7 Rc8 37. exd6 Ncd3 38. Kh2 Rd8 39. Rh5 $2 (39. Nd5 $18) 39... Nxg2 $11 40. Rxd3 Nxf4 {[%mdl 64] Double Attack} 41. Rxh4 Nxd3 {[%mdl 4096] Endgame KRN-KRN} 42. Rd4 Ne5 {Hoping for ...Nf3+.} 43. Kg3 g5 44. Na6 f5 45. Nc5 {With the idea d7.} Kf7 46. Nb7 Rd7 47. Rb4 $2 (47. Nc5 $11) 47... Kf6 $17 48. b3 Nf7 $1 49. Rb6 Ke5 50. Rb5+ {[#]} Kd4 $1 51. Na5 (51. Kg2 $17) 51... Nxd6 $19 52. Nc6+ $2 {[#]} (52. Rb6) 52... Ke3 $1 53. Re5+ Ne4+ 54. Kg2 f4 {[%cal Bf5f4,Bf4f3][%mdl 32] Black mates.} 55. Rf5 Rd2+ 56. Kg1 f3 {Accuracy: White = 42%, Black = 45%.} 0-1

[Event "ISR-ch Open 2018"]
[Site "Ma'alot-Tarshih"]
[Date "2018.12.12"]
[Round "1"]
[White "Libman, Guy"]
[Black "Rechlis, Gad"]
[Result "*"]
[WhiteElo "2299"]
[BlackElo "2521"]
[Annotator "TA"]
[PlyCount "24"]
[EventDate "2018.12.12"]
[EventType "swiss"]
[EventCountry "ISR"]
[SourceTitle "playchess.com"]
[Source "ChessBase"]
[SourceQuality "1"]

{[%evp 10,15,57,13,14,14,18,10]} 1. e4 c5 2. Nf3 Nc6 3. d4 cxd4 4. Nxd4 d5 5. exd5 (5. Bb5 dxe4 6. Nxc6 Qxd1+ 7. Kxd1 a6 8. Ba4 Bd7 9. Nc3 Bxc6 10. Bxc6+ bxc6 11. Nxe4 f5 12. Nd2 e5 13. Nc4 e4 14. Ke2 Nf6 15. Rd1 Rd8 16. Rxd8+ Kxd8 {½-½ (55) Smeets,J (2598)-Reinderman,D (2568) Amstelveen 2016}) 5... Qxd5 6. Nxc6 {LiveBook: 3 Games. B32: Sicilian: Löwenthal and Kalashnikov Variations} Qxd1+ 7. Kxd1 {[#] Threatens to win with Ne5.} bxc6 8. Bd3 {Predecessor:} Nf6 $146 9. Re1 Bg4+ 10. f3 Bh5 11. Nd2 Bg6 12. Ne4 Rd8 {0-1 (30) Olthof,R (2202)-Coenen,M (2337) Maastricht 2011} *

[Event "ISR-ch Open 2018"]
[Site "Ma'alot-Tarshih"]
[Date "2018.12.12"]
[Round "1"]
[White "Chernomordik, Pavel"]
[Black "Kobo, Ori"]
[Result "*"]
[WhiteElo "2277"]
[BlackElo "2494"]
[Annotator "TA"]
[PlyCount "15"]
[EventDate "2018.12.12"]
[EventType "swiss"]
[EventCountry "ISR"]
[SourceTitle "playchess.com"]
[Source "ChessBase"]
[SourceQuality "1"]

{[%evp 12,15,44,41,83,0]} 1. d4 d5 2. c4 c6 3. Nf3 Nf6 4. g3 Bf5 5. Nc3 e6 6. Nh4 {D11: Slav Defence: 3 Nf3 sidelines and 3...Nf6 4 e3 Bg4} Bg4 7. Qb3 {LiveBook: 11 Games} b5 $146 ({Predecessor:} 7... Qb6 8. h3 Bh5 9. g4 Bg6 10. Nxg6 hxg6 11. Bg2 Na6 12. Bf4 Qb4 {1-0 (46) Gelfand,B (2734)-Inarkiev,E (2730) Magas 2016}) 8. cxd5 ({Better is} 8. cxb5 $16 c5 9. dxc5 Bxc5 10. f3) *

[Event "ISR-ch Open 2018"]
[Site "Ma'alot-Tarshih"]
[Date "2018.12.12"]
[Round "1"]
[White "Chernomordik, Pavel"]
[Black "Kobo, Ori"]
[Result "0-1"]
[WhiteElo "2277"]
[BlackElo "2494"]
[Annotator "TA"]
[PlyCount "136"]
[EventDate "2018.12.12"]
[EventType "swiss"]
[EventCountry "ISR"]
[SourceTitle "playchess.com"]
[Source "ChessBase"]
[SourceQuality "1"]

{[%evp 9,136,23,46,35,61,58,76,53,71,67,77,10,17,7,0,-31,-33,-27,-15,-21,-8,-18,-23,-23,0,-8,0,0,0,-34,-31,-34,-27,-31,-10,-10,-10,-12,-14,-6,-9,-160,-145,-144,-155,-109,-132,-93,-107,-184,-177,-228,-196,-220,-159,-202,-152,-206,-187,-275,-272,-260,-270,-358,-338,-356,-345,-314,-239,-300,-291,-293,-288,-256,-253,-313,-296,-797,-337,-315,-202,-292,-211,-260,-245,-237,-236,-314,-316,-316,-316,-317,-316,-310,-310,-491,-499,-500,-498,-442,-397,-474,-517,-510,-509,-493,-462,-458,0,-433,-407,-466,-454,-392,-363,-356,-348,-350,-350,-562,-546,-415,-395,-602,-627,-6219,-6203,-12838,-6179]} 1. e4 g6 2. h4 d5 3. exd5 Nf6 4. d4 {[%cal Bd2d4,Bd4d5][%mdl 32]} (4. h5 Nxh5 5. Rxh5 gxh5 6. Qxh5 Nd7 7. Nc3 Nf6 8. Qe5 a6 9. d4 Bg7 10. Nf3 O-O 11. Bd3 {½-½ (50) Kovalenko,I (2611)-Moiseenko,A (2707) Poznan 2014}) 4... Qxd5 5. Nc3 Qd8 $146 ({Predecessor:} 5... Qa5 6. Be3 Bg7 7. Qd2 Bf5 8. Nge2 Nc6 9. Ng3 O-O-O 10. Nxf5 gxf5 11. Bd3 Nxd4 12. Bxd4 Rxd4 13. Bxf5+ {0-1 (36) Milenkovic,M (2404)-Chatalbashev,B (2549) Vrnjacka Banja 2012}) 6. Nf3 {B06: Modern Defence} Bg4 7. Bc4 {Threatens to win with Ne5!} Nc6 8. d5 {White is better.} Bxf3 9. gxf3 Ne5 10. Bb5+ ({Better is} 10. Bb3 $16) 10... Ned7 $11 11. Ne4 a6 12. Ba4 (12. Be2 {keeps more tension.} Bg7 13. Be3 c6 14. dxc6 bxc6 15. Qd2) 12... b5 13. Bb3 Bg7 14. c3 Nb6 {[%cal Rf6d5,Bd7b6,Bb6d5,Bd5f4,Bf4d3,Bd3c1][%mdl 32]} 15. Nxf6+ Bxf6 16. h5 Qd6 17. a4 Rd8 {[%cal Rb6d5]} 18. axb5 axb5 {[%cal Rb6d5]} 19. Ra5 Nxd5 20. Rxb5 c6 21. Rb7 $1 Qe6+ 22. Qe2 Qc8 23. Ra7 Qb8 24. Ra3 Nf4 25. Qe4 $2 (25. Bxf4 $1 $11 Qxf4 26. Qe3 Qxe3+ 27. fxe3) 25... Nd3+ $17 {[%mdl 64] Double Attack} 26. Ke2 Qb5 (26... Qb6 27. Be3 $16) 27. Qc4 Nxc1+ 28. Rxc1 Qe5+ $1 $40 {[%mdl 128] Black wants a kill.} 29. Kf1 (29. Qe4 $17) 29... O-O $1 $19 30. hxg6 (30. Qg4 $142 Rd2 31. Kg2) 30... hxg6 31. Qe4 Qg5 32. f4 Qg4 33. Ra4 (33. Raa1 $17) 33... Rd2 {aiming for ...Bh4.} 34. Qe3 {[#]} (34. f5 $142 Qh3+ 35. Kg1 Rxb2 36. Bd1) 34... Rfd8 $1 (34... Rxb2 35. Rb4 $15) 35. Ra8 {[#]} Rxf2+ $1 {[%mdl 512]} 36. Qxf2 Rxa8 37. Bd1 Qh3+ 38. Kg1 Rd8 {And now ...Rd3 would win.} 39. Bf3 Bh4 40. Qg2 Qe6 41. Qe2 {intending Qxe6.} Qf5 42. Qe5 Qh3 43. Bg2 $2 {[#]} (43. Qe2) 43... Qg4 (43... Bf2+ $142 $1 {[%mdl 512]} 44. Kf1 (44. Kxf2 Rd2+) 44... Qg3) 44. Qe3 Kg7 45. Kh2 (45. Rf1 $142) 45... Rh8 46. Bh3 Bf6 47. Rg1 Qf5 {White must now prevent ...e5.} 48. Rg3 e5 49. Kg1 Qb1+ {[%mdl 64] Double Attack} ({But not} 49... exf4 50. Bxf5 fxe3 51. Bd3 $19) ({Much less strong is} 49... Qxf4 50. Qxf4 exf4 51. Rd3 $19) 50. Bf1 exf4 51. Qxf4 Rh5 52. Rf3 (52. Qf3 {is the only way for White.} Rf5 53. Qd3) 52... Rg5+ 53. Kh1 Rf5 54. Qe3 Rh5+ 55. Kg2 Qxb2+ 56. Qf2 Qb8 {[%csl Gh5][%cal Rb8h2]} 57. Rh3 Rf5 58. Rf3 Rh5 {[%csl Gh5][%cal Rb8h2]} 59. Rh3 $1 Rg5+ 60. Kh1 Qe5 61. Bg2 Rf5 62. Qe3 Qb5 63. Qh6+ Kg8 {( -> ...Qb1+)} 64. Qe3 $2 (64. Qh7+ Kf8 65. Qh6+ Bg7 66. Qe3) 64... Qb1+ 65. Qg1 Qc2 {...Rg5 is the strong threat.} 66. Qa1 (66. Qe1 $142 Re5 67. Qf1) 66... Kg7 {Hoping for ...Rb5.Black is clearly winning.} 67. Bxc6 Rc5 68. Bg2 Rb5 {Accuracy: White = 46%, Black = 67%.} 0-1

[Event "ISR-ch Open 2018"]
[Site "Ma'alot-Tarshih"]
[Date "2018.12.12"]
[Round "1"]
[White "Emanuel, Yahav"]
[Black "Bakalchuk, Johnatan"]
[Result "1-0"]
[WhiteElo "2221"]
[BlackElo "2442"]
[Annotator "TA"]
[PlyCount "79"]
[EventDate "2018.12.12"]
[EventType "swiss"]
[EventCountry "ISR"]
[SourceTitle "playchess.com"]
[Source "ChessBase"]
[SourceQuality "1"]

{[%evp 12,79,50,41,83,0,2,0,2,0,8,0,0,0,22,0,-8,-24,0,-6,82,21,61,55,63,49,63,67,79,23,35,18,25,24,44,51,91,70,151,129,153,164,171,176,189,189,170,162,141,128,124,128,172,170,199,172,196,139,161,137,143,148,602,566,660,650,29994,29995,29995,29996]} 1. d4 d5 2. c4 c6 3. Nf3 Nf6 4. g3 Bf5 5. Nc3 e6 6. Nh4 {D11: Slav Defence: 3 Nf3 sidelines and 3...Nf6 4 e3 Bg4} Bg4 7. Qb3 {LiveBook: 11 Games} b5 $146 ({Predecessor:} 7... Qb6 8. h3 Bh5 9. g4 Bg6 10. Nxg6 hxg6 11. Bg2 Na6 12. Bf4 Qb4 {1-0 (46) Gelfand,B (2734)-Inarkiev,E (2730) Magas 2016}) 8. cxd5 (8. cxb5 $16 c5 9. dxc5 Bxc5 10. h3) 8... exd5 $11 9. Bg2 Be7 10. Qc2 Qd7 11. O-O O-O 12. Re1 Na6 13. a3 Rfe8 14. Bd2 Rac8 15. b4 Ne4 (15... Nc7 $11) 16. Nf3 ({White should try} 16. Nxe4 $16 {Ng5 is the strong threat.} dxe4 17. Bxe4) 16... Bf6 17. Nxe4 dxe4 18. Ne5 $1 {[%cal Re5d7]} Bxe5 19. dxe5 Bf5 {[#] Strongly threatening ...e3.} 20. Qb2 (20. Bc3 $16) 20... c5 21. Be3 $36 {[%mdl 2048] White is more active.} c4 22. Rad1 Qb7 23. Rd6 c3 24. Qb3 Rxe5 ({Better is} 24... Nb8 $14) 25. Rc1 Re6 26. Rd5 g6 27. Rxc3 Rec6 28. Rxc6 Qxc6 29. Bh6 Qf6 30. Qd1 Nc7 31. Rd6 Ne6 {[#] Threatening ...g5.} 32. h4 $1 Rd8 33. Qd5 Rxd6 34. Qxd6 Qd8 35. Qe5 a6 36. Bxe4 Bg4 $2 {[%mdl 8192]} (36... Bxe4 $16 37. Qxe4 Ng7) 37. Bd5 $18 {Intending Bxe6 and mate.} Qc7 38. Qb2 {White threatens Bxe6 and mate.} Qd7 39. Bxe6 fxe6 40. Qf6 {Accuracy: White = 56%, Black = 42%.} 1-0

[Event "ISR-ch Open 2018"]
[Site "Ma'alot-Tarshih"]
[Date "2018.12.12"]
[Round "1"]
[White "Gleizer, Mark"]
[Black "Drori, Saar"]
[Result "0-1"]
[WhiteElo "2186"]
[BlackElo "2419"]
[Annotator "TA"]
[PlyCount "42"]
[EventDate "2018.12.12"]
[EventType "swiss"]
[EventCountry "ISR"]
[SourceTitle "playchess.com"]
[Source "ChessBase"]
[SourceQuality "1"]

{[%evp 14,42,1,11,27,10,39,30,44,51,54,21,19,14,33,22,39,16,49,18,70,-22,-15,-27,-26,-434,-426,-1535,-1546,-1370,-1347]} 1. d4 Nf6 2. Nf3 g6 3. Nbd2 Bg7 4. e4 d6 5. Bd3 O-O 6. O-O c5 7. c3 {[%cal Bc2c3,Bc3d4][%mdl 32]} cxd4 8. cxd4 {LiveBook: 52 Games} b6 {B07: Pirc Defence: Miscellaneous Systems} (8... e5 9. Re1 exd4 10. Nxd4 Ng4 11. N4f3 Nc6 12. Nc4 Be6 13. h3 Nge5 14. Ncxe5 dxe5 15. a3 Qb6 16. b4 {½-½ (57) So,W (2778)-Grischuk,A (2766) Leuven 2018}) 9. b3 Bb7 10. Re1 Nbd7 {White has an edge.} 11. Bb2 Rc8 12. Rc1 Rxc1 13. Qxc1 Qa8 $146 ({Predecessor:} 13... a6 14. Qc2 b5 15. Rc1 Qc8 16. Qc7 Qa8 17. h3 {0-1 (59) Papapostolou,C (2113)-Agnantis,A Kallithea 2009}) 14. Qb1 Rd8 15. h3 Nh5 16. a3 Ndf6 (16... e6 $11) 17. Kh2 (17. d5 $14) 17... Nf4 $11 18. Bc2 Qc8 19. Ng1 $2 {[%mdl 8192] [#]} (19. d5 $11) 19... Ng4+ $1 $19 {[%mdl 512] Black is clearly winning.} 20. Kg3 (20. Kh1 $142 Nxf2+ 21. Kh2 Ng4+ 22. Kh1) (20. hxg4 Qxg4) 20... Nh5+ 21. Kf3 Qf5+ {Accuracy: White =  9%, Black = 27%.} 0-1

[Event "ISR-ch Open 2018"]
[Site "Ma'alot-Tarshih"]
[Date "2018.12.13"]
[Round "2"]
[White "Smirin, Ilia"]
[Black "Zhizmer, Yuri"]
[Result "1-0"]
[WhiteElo "2609"]
[BlackElo "2326"]
[Annotator "TA RC"]
[PlyCount "69"]
[EventDate "2018.12.12"]
[EventType "swiss"]
[EventCountry "ISR"]
[SourceTitle "playchess.com"]
[Source "ChessBase"]
[SourceQuality "1"]

{[%evp 19,69,48,61,25,16,30,22,18,39,37,104,109,106,102,104,112,129,133,135,140,164,164,158,176,164,147,161,175,163,127,129,135,309,315,295,307,311,301,528,502,561,560,528,510,690,689,735,713,675,561,774,777]} 1. e4 d6 2. d4 Nf6 3. Nc3 e5 4. Nf3 Nbd7 5. Bc4 Be7 6. O-O O-O 7. a4 c6 8. Ba2 a5 9. h3 Qc7 10. Re1 b6 {LiveBook: 7 Games. C41: Philidor Defence} 11. Nh4 (11. Bg5 h6 12. Bh4 Re8 13. Bg3 Ba6 14. Nh4 Nf8 15. Nf5 Ng6 16. h4 h5 17. Qd2 exd4 18. Qg5 {1-0 (33) Wei,Y (2638)-Indjic,A (2539) Tromsoe 2014}) 11... exd4 12. Nf5 dxc3 {White has an edge.} 13. Nxe7+ Kh8 14. Nf5 d5 $146 (14... Ne8 $14) ({Predecessor:} 14... Nc5 15. Qxd6 Qd8 16. Qg3 Bxf5 17. exf5 Nfe4 18. Qf4 {½-½ (103) Arnason,J (2535)-Chabanon,J (2425) Reykjavik 1993}) 15. exd5 $16 cxd5 {White should prevent ...Nc5.} 16. Qd4 Ba6 17. bxc3 Qc5 18. Be3 {[#] aiming for Qf4.} Qxd4 19. Bxd4 (19. Nxd4 $6 Rac8 $11) 19... Rfe8 20. Nd6 Rxe1+ 21. Rxe1 Kg8 22. Re7 Nc5 23. g4 {Strongly threatening g5.} ({Don't do} 23. Rxf7 $6 Rd8 $11) (23. Nxf7 $6 Kf8 $14) 23... h6 24. f4 {Hoping for g5.} ({Much less strong is} 24. Rxf7 $6 Rd8 $14) 24... Rd8 25. Nxf7 Rd7 $2 {[#]} (25... Kf8 $16 {was worth a try.}) 26. Nxh6+ $1 $18 {[%mdl 512]} Kf8 (26... gxh6 27. Bxf6) 27. Rxd7 Nfxd7 28. Nf5 ({Not} 28. Bxd5 gxh6 29. g5 hxg5 $15) 28... Bc4 $2 (28... Ne6 {was necessary.} 29. Bxd5 Nxf4) 29. Bxg7+ {White is clearly winning.} Kf7 30. Bxc4 dxc4 31. Bd4 Nxa4 32. Nd6+ Ke6 33. Nxc4 Kd5 34. Na3 Nb2 35. g5 {Accuracy: White = 83%, Black = 55%.} 1-0

[Event "ISR-ch Open 2018"]
[Site "Ma'alot-Tarshih"]
[Date "2018.12.13"]
[Round "2"]
[White "Steinberg, Nitzan"]
[Black "Mordechai, Hanan"]
[Result "1-0"]
[WhiteElo "2532"]
[BlackElo "2310"]
[Annotator "TA"]
[PlyCount "109"]
[EventDate "2018.12.12"]
[EventType "swiss"]
[EventCountry "ISR"]
[SourceTitle "playchess.com"]
[Source "ChessBase"]
[SourceQuality "1"]

{[%evp 13,109,28,45,19,27,17,24,14,11,16,27,30,29,25,27,8,45,48,32,37,36,31,107,100,102,81,101,81,81,87,101,93,121,122,103,104,100,107,99,102,133,123,162,118,113,112,230,84,142,91,287,256,270,281,232,284,245,264,390,266,258,0,369,0,264,247,235,236,212,189,173,0,0,0,0,0,166,126,679,679,670,660,832,815,3092,2814,5687,5687,5616,5600,5554,5539,4702,907,29980,29981,29980,29972]} 1. e4 c5 2. Nf3 d6 3. Bb5+ Nd7 4. O-O Ngf6 5. Re1 a6 6. Bf1 e6 7. c3 {B51: Sicilian: Moscow Variation (3 Bb5+) without 3...Bd7} Be7 {LiveBook: 38 Games} 8. a4 (8. d4 d5 9. e5 Ne4 10. Bd3 f5 11. exf6 Ndxf6 12. Nbd2 Nxd2 13. Bxd2 O-O 14. Bg5 Bd7 15. Qc2 h6 16. Bh4 {1-0 (51) Ulybin,M (2501)-Kevlishvili,R (2425) Amsterdam 2017}) 8... b6 9. d4 {White has an edge.} Bb7 10. Nbd2 $146 ({Predecessor:} 10. Bd3 h6 11. Nbd2 O-O 12. Qe2 cxd4 13. cxd4 e5 14. d5 Nh5 {1-0 (62) Souza,R (2138)-Zimmermann,K (1938) Praia da Pipa 2014}) 10... cxd4 11. cxd4 Rc8 12. Bd3 O-O 13. Qe2 a5 14. b3 e5 15. Bb2 Re8 16. Rad1 Bf8 17. d5 Nh5 (17... Re7 $14) 18. g3 g6 19. Bb5 $36 {[%mdl 2048] Keeping Black busy.} Re7 20. Nc4 Nc5 21. Ba3 Nf6 22. Nfd2 Bh6 23. b4 axb4 24. Bxb4 Bxd2 25. Nxd2 Ra8 26. Ra1 Ne8 27. Nc4 f5 28. a5 {[%cal Ba4a5,Ba5a6][%mdl 32]} Nxe4 29. Nxb6 N8f6 (29... Ra7 $16) 30. Bc6 (30. Nxa8 $18 {and White stays clearly on top.} Bxa8 31. f3) 30... Rb8 ({Black should try} 30... Ba6 31. Qe3 Ng4) 31. Qc4 (31. Rac1 $142) 31... Rc7 $2 {[#]} (31... Ng5 $16) 32. a6 $1 $18 {[%cal Ra6a7]} Bxc6 33. dxc6+ d5 34. Qb5 Ra7 35. Ba5 Nd6 (35... Qd6 {keeps fighting.} 36. Rec1 Kg7) 36. Qc5 Nde4 37. Qb5 (37. Qc2 $142 Qd6 38. Rec1) 37... Nd6 $1 {[%cal Rd6b5]} 38. Qc5 Nde4 39. Qc1 Qd6 40. f3 Qc5+ 41. Re3 f4 42. fxe4 $2 (42. Qxc5 $18 Nxc5 43. Rxe5 Nxa6 44. Nxd5 Nxd5 45. Rxd5) 42... Qxe3+ $11 43. Qxe3 fxe3 44. exd5 {aiming for d6.} Ne8 $2 (44... Rxa6 $11 45. c7 Re8) 45. Nd7 $18 {[%mdl 64] [#] Double Attack} Rb5 $2 {[%mdl 8192]} (45... Rba8 $16 46. Nc5 (46. Nxe5 $2 Rxa6 47. Nc4 Nf6 $19) 46... Rb8) 46. Bb6 {[%mdl 64] Double Attack} Ra8 47. Bxe3 Rxd5 48. Nb6 {[%mdl 64] Double Attack} Rdd8 49. Nxa8 Rxa8 {[%mdl 4096] Endgame KRB-KRN} 50. a7 Kf7 51. Rb1 Ke6 52. Rb8 Nc7 53. Bb6 Kd5 54. Rxa8 Nxa8 55. c7 {Accuracy: White = 69%, Black = 39%.} 1-0